书目信息 |
| 题名: |
寂静的春天
|
|
| 作者: | 卡森 著 ;苏叶 译 | |
| 分册: | ||
| 出版信息: | 北京 中国华侨出版社 2016.11 |
|
| 页数: | 19,260页 | |
| 开本: | 23cm | |
| 丛书名: | ||
| 单 册: | ||
| 中图分类: | X-49 | |
| 科图分类: | ||
| 主题词: | 环境保护--普及读物 | |
| 电子资源: | ||
| ISBN: | 978-7-5113-6055-7 | |
| 000 | 00931nam0 2200277 450 | |
| 001 | 0120162064611 | |
| 005 | 20170327093823.90 | |
| 010 | @a978-7-5113-6055-7@dCNY36.80 | |
| 100 | @a20161128d2016 em y0chiy50 ea | |
| 101 | 1 | @achi@ceng |
| 102 | @aCN@b110000 | |
| 105 | @ay z 000yy | |
| 106 | @ar | |
| 200 | 1 | @a寂静的春天@9ji jing de chun tian@f(美)蕾切尔·卡森著@g苏叶译 |
| 210 | @a北京@c中国华侨出版社@d2016.11 | |
| 215 | @a19,260页@d23cm | |
| 312 | @a封面英文题名:Silence spring | |
| 330 | @a本书主要内容包括:明天的寓言、忍受的义务、死神的特效药、地表水与地下水、土壤的王国、地球的绿幔、无谓的浩劫、寂静的春天、死亡之河、无人幸免的天灾等。 | |
| 333 | @a一般读者 | |
| 510 | 1 | @aSilence spring@zeng |
| 606 | 0 | @a环境保护@j普及读物 |
| 690 | @aX-49@v5 | |
| 701 | 0 | @c(美)@a卡森@9ka sen@c(Carson, Rachel)@4著 |
| 702 | 0 | @a苏叶@9su ye@4译 |
| 801 | 0 | @aCN@b人天书店@c20161128 |
| 905 | @b982821-24@dX-49@e222@f4 | |
| 寂静的春天/(美)蕾切尔·卡森著/苏叶译.-北京:中国华侨出版社,2016.11 |
| 19,260页;23cm |
| 使用对象:一般读者 |
| ISBN 978-7-5113-6055-7:CNY36.80 |
| 本书主要内容包括:明天的寓言、忍受的义务、死神的特效药、地表水与地下水、土壤的王国、地球的绿幔、无谓的浩劫、寂静的春天、死亡之河、无人幸免的天灾等。 |
| ● |
| 相关链接 |
|
|
|
|
正题名:寂静的春天
索取号:X-49/222
 
预约/预借
| 序号 | 登录号 | 条形码 | 馆藏地/架位号 | 状态 | 备注 |
| 1 | 982821 | 209828212 | 第二样本阅览室/ [索取号:X-49/222] | 在馆 | |
| 2 | 982822 | 209828221 | 第三借阅区/ [索取号:X-49/222] | 在馆 | |
| 3 | 982823 | 209828230 | 第三借阅区/ [索取号:X-49/222] | 在馆 | |
| 4 | 982824 | 209828249 | 第三借阅区/ [索取号:X-49/222] | 在馆 |